000
00334nam a2200157Ia 4500
100
_a
Brown/Sandra
650
_a
General
942
_c
RB
654
_a
Treasure Worth
245
_a
A Treasure Worth Seeking
260
_b
Warner Books
_a
New York
_c
1992
082
_a
813.5
_b
Bro
300
_a
272
546
_a
ENGLISH
999
_c
34622
_d
34622